| 000 | 00374nam a22001457a 4500 | ||
|---|---|---|---|
| 003 | OSt | ||
| 005 | 20160727222339.0 | ||
| 008 | 160618b xxu||||| |||| 00| 0 eng d | ||
| 040 | _cTEST | ||
| 100 |
_940 _aSukueffner |
||
| 245 |
_aLucky Duck _bReader's Digest Kids |
||
| 260 |
_aN.Y _b Reader's Digest Children _c1999 |
||
| 300 | _aLucky Duck: Reader's Digest Kids | ||
| 942 |
_2ddc _cBK |
||
| 999 |
_c33 _d33 |
||